[Event "Western Canadian op"]
[Site "Richmond CAN"]
[Date "2004.07.16"]
[Round "8.6"]
[White "Fuentebella, Mayo"]
[Black "Van den Bersselaar, Jeroen"]
[Result "1/2-1/2"]
[WhiteElo "2348"]
[BlackElo "2189"]
[PlyCount "76"]
[GameId "2160767911095664"]
[EventDate "2004.07.09"]
[EventType "swiss"]
[EventRounds "10"]
[EventCountry "CAN"]

1. Nf3 d5 2. c4 c6 3. b3 Bf5 4. Bb2 e6 5. d3 h6 6. g3 Nf6 7. Bg2 a5 8. a3 Be7 9. O-O O-O 10. Nbd2 Bh7 11. Rc1 Nbd7 12. Qc2 Qb8 13. cxd5 exd5 14. Nd4 Re8 15. Bh3 Bf8 16. Rfe1 Ne5 17. Bf5 Bxf5 18. Nxf5 Qc8 19. Nd4 Qh3 20. N4f3 Bd6 21. Nxe5 Bxe5 22. Nf3 Ng4 23. e4 Bxb2 24. Qxb2 dxe4 25. dxe4 Rad8 26. Qc3 Qh5 27. Kg2 Qb5 28. a4 Qd3 29. h3 Qxc3 30. Rxc3 Nf6 31. Rc4 Rd3 32. b4 axb4 33. Rxb4 Ra3 34. e5 Nd5 35. Rxb7 Rxa4 36. Rc1 Re6 37. Rb8+ Kh7 38. Rc8 Ne7 1/2-1/2

[Event "Western Canadian op"]
[Site "Richmond CAN"]
[Date "2004.07.16"]
[Round "8.7"]
[White "Meng, Fanhao"]
[Black "Ristovic, Nenad"]
[Result "1/2-1/2"]
[WhiteElo "2284"]
[BlackElo "2339"]
[PlyCount "83"]
[GameId "2160767911095665"]
[EventDate "2004.07.09"]
[EventType "swiss"]
[EventRounds "10"]
[EventCountry "CAN"]

1. e4 e6 2. c4 d5 3. exd5 exd5 4. cxd5 Nf6 5. Bb5+ Nbd7 6. Nc3 Be7 7. Nf3 O-O 8. d4 Nb6 9. Ne5 Nbxd5 10. O-O c6 11. Be2 Qc7 12. Bf3 Be6 13. Bg5 Rad8 14. Qe2 h6 15. Nxd5 Bxd5 16. Be3 Bd6 17. Bxd5 Nxd5 18. Nf3 Rfe8 19. Qd3 Re6 20. a3 Bf4 21. Rfe1 Qc8 22. b4 Rg6 23. Nh4 Rg4 24. Nf5 Qc7 25. g3 Bxe3 26. fxe3 Nf6 27. Rf1 Ne4 28. Rac1 a6 29. a4 Re8 30. b5 axb5 31. axb5 Rg6 32. bxc6 bxc6 33. Rf4 Ng5 34. Kg2 Qd7 35. Qb3 Rge6 36. Rcf1 Ne4 37. Ra1 Nd6 38. Nxd6 Rxd6 39. Raf1 Re7 40. Qb8+ Qd8 41. Qxd8+ Rxd8 42. Kf2 1/2-1/2

[Event "Western Canadian op"]
[Site "Richmond CAN"]
[Date "2004.07.16"]
[Round "8.8"]
[White "Bouvier, Jesse"]
[Black "Metz, Hartmut"]
[Result "1-0"]
[WhiteElo "2196"]
[BlackElo "2290"]
[PlyCount "61"]
[GameId "2160767911095666"]
[EventDate "2004.07.09"]
[EventType "swiss"]
[EventRounds "10"]
[EventCountry "CAN"]

1. e4 c6 2. d4 d5 3. e5 Bf5 4. Nc3 e6 5. g4 Bg6 6. Nge2 c5 7. Be3 Nc6 8. dxc5 Nxe5 9. Nf4 Ne7 10. Bb5+ N7c6 11. Qe2 Be7 12. O-O-O a6 13. Ba4 Kf8 14. Nfxd5 exd5 15. Rxd5 Qc8 16. h3 h5 17. f4 hxg4 18. fxe5 Rxh3 19. Rf1 Bf5 20. Bg1 Qe6 21. Bb3 Qg6 22. Rdd1 Bg5+ 23. Kb1 Re8 24. Rd6 Be6 25. Rxe6 Rxe6 26. Qxg4 Rh6 27. Bxe6 Qxe6 28. Qxg5 Rg6 29. Qd2 Qxe5 30. Qd7 Qe7 31. Qc8+ 1-0

[Event "Western Canadian op"]
[Site "Richmond CAN"]
[Date "2004.07.16"]
[Round "8.9"]
[White "McLaren, Brian"]
[Black "Goutor, Valentina"]
[Result "1/2-1/2"]
[WhiteElo "2270"]
[BlackElo "1999"]
[PlyCount "86"]
[GameId "2160767911095667"]
[EventDate "2004.07.09"]
[EventType "swiss"]
[EventRounds "10"]
[EventCountry "CAN"]

1. g3 g6 2. Bg2 Bg7 3. e4 c5 4. Ne2 Nc6 5. d3 d6 6. c3 e6 7. Be3 Bd7 8. Na3 Nge7 9. Qd2 h5 10. h3 Qb8 11. O-O b5 12. Nc2 a5 13. d4 c4 14. b3 Qc7 15. bxc4 bxc4 16. Rab1 O-O 17. Bh6 Rab8 18. Bxg7 Kxg7 19. Ne3 Na7 20. g4 Rxb1 21. Rxb1 hxg4 22. Nxg4 Rh8 23. Qg5 Ng8 24. e5 Rh5 25. Qf4 d5 26. Ng3 Rh8 27. Nf1 Ba4 28. Qc1 Nb5 29. Nfe3 Qe7 30. Qd2 Qh4 31. Nd1 f5 32. exf6+ Nxf6 33. Nxf6 Kxf6 34. Ne3 Ke7 35. Ng4 Qh5 36. Qf4 Qf5 37. Qc1 Rf8 38. Rxb5 Bxb5 39. Qa3+ Ke8 40. Qxa5 Bd7 41. Qa8+ Ke7 42. Qa3+ Ke8 43. Qa8+ Ke7 1/2-1/2

[Event "Western Canadian op"]
[Site "Richmond CAN"]
[Date "2004.07.16"]
[Round "8.10"]
[White "Milicevic, Dragoljub"]
[Black "Brodie, Hugh"]
[Result "1/2-1/2"]
[WhiteElo "2182"]
[BlackElo "1894"]
[PlyCount "117"]
[GameId "2160767911095668"]
[EventDate "2004.07.09"]
[EventType "swiss"]
[EventRounds "10"]
[EventCountry "CAN"]

1. Nf3 f5 2. c4 Nf6 3. d4 e6 4. g3 Bb4+ 5. Bd2 Bxd2+ 6. Nbxd2 b6 7. Bg2 Bb7 8. O-O O-O 9. Qc2 Qe8 10. Ne1 Bxg2 11. Kxg2 d6 12. e3 Nbd7 13. f4 g6 14. Nef3 e5 15. Rae1 e4 16. Ng5 h6 17. Nh3 a5 18. b3 Nb8 19. Nf2 Qc6 20. Rc1 Na6 21. a3 Kh7 22. h3 Qd7 23. Kh2 Rac8 24. Rg1 c6 25. g4 Qf7 26. g5 hxg5 27. Rxg5 Nc7 28. Rcg1 Rg8 29. Qc3 Ne6 30. R5g2 Qf8 31. b4 axb4 32. axb4 d5 33. c5 b5 34. h4 Qh6 35. Rh1 Nxf4 36. exf4 Qxf4+ 37. Kh3 e3 38. Nd3 Qc7 39. Nf3 Ne4 40. Ng5+ Nxg5+ 41. Rxg5 Ra8 42. Ne5 f4 43. h5 Ra2 44. Qd3 Qc8+ 45. Ng4 Qe6 46. Rxg6 Rxg6 47. hxg6+ Qxg6 48. Ne5 Qxd3 49. Nxd3 Rd2 50. Nxf4 Rxd4 51. Kg3+ Kg8 52. Kf3 Rxb4 53. Rh6 Kf7 54. Rxc6 Rxf4+ 55. Kxe3 Rc4 56. Rd6 Rxc5 57. Kd4 Rc8 58. Rxd5 Rb8 59. Kc3 1/2-1/2

[Event "Western Canadian op"]
[Site "Richmond CAN"]
[Date "2004.07.16"]
[Round "8.11"]
[White "Haukenfrers, Dale"]
[Black "Lane, Travis"]
[Result "1-0"]
[WhiteElo "2160"]
[BlackElo "1895"]
[PlyCount "113"]
[GameId "2160767911095669"]
[EventDate "2004.07.09"]
[EventType "swiss"]
[EventRounds "10"]
[EventCountry "CAN"]

1. g4 c5 2. c4 Nc6 3. Nc3 d6 4. e4 e5 5. d3 Be6 6. Rb1 g6 7. h4 Bg7 8. h5 Nd4 9. a3 Qd7 10. Bh3 O-O-O 11. b4 f5 12. exf5 gxf5 13. bxc5 e4 14. dxe4 Bxc4 15. h6 Nxh6 16. Bxh6 dxc5 17. Bxg7 Qxg7 18. Bf1 fxg4 19. Bxc4 Nf3+ 20. Nxf3 Rxd1+ 21. Nxd1 gxf3 22. Bd5 b6 23. Rb3 Qg2 24. Rh5 Rd8 25. Rxh7 Qg1+ 26. Kd2 Qg6 27. Rxa7 Qxe4 28. Ra8+ Kc7 29. Rxd8 Qe2+ 30. Kc1 Kxd8 31. Rxb6 Qd3 32. Bb3 c4 33. Bc2 Qxa3+ 34. Kb1 Qc5 35. Rb2 Kc7 36. Ne3 Qa5 37. Bd1 Qe1 38. Rc2 Qb4+ 39. Kc1 Qa3+ 40. Kd2 Qd6+ 41. Ke1 Qb4+ 42. Kf1 Qb1 43. Rxc4+ Kd6 44. Rf4 Qd3+ 45. Kg1 Qg6+ 46. Rg4 Qb1 47. Rg3 Ke5 48. Rxf3 Qg6+ 49. Rg3 Qf7 50. Rg5+ Ke4 51. Kg2 Qf6 52. Bc2+ Kd4 53. Rd5+ Kc3 54. Rd3+ Kb2 55. Rb3+ Kc1 56. Rb1+ Kd2 57. Rd1+ 1-0

[Event "Western Canadian op"]
[Site "Richmond CAN"]
[Date "2004.07.16"]
[Round "8.12"]
[White "Allan, Denis"]
[Black "Kazmaier, Daniel"]
[Result "1/2-1/2"]
[WhiteElo "2381"]
[BlackElo "1974"]
[PlyCount "274"]
[GameId "2160767911095670"]
[EventDate "2004.07.09"]
[EventType "swiss"]
[EventRounds "10"]
[EventCountry "CAN"]

1. Nc3 e6 2. d4 d5 3. Nf3 f5 4. Bf4 c6 5. e3 Nf6 6. Ne5 Bd6 7. Bd3 O-O 8. h3 Qc7 9. g4 Nbd7 10. Nxd7 Bxd7 11. Bxd6 Qxd6 12. f4 c5 13. dxc5 Qxc5 14. Qd2 b5 15. Ne2 g6 16. Nd4 Rfe8 17. gxf5 exf5 18. O-O-O a5 19. Rhg1 Kh8 20. Qf2 Qe7 21. Rde1 b4 22. Nf3 Ne4 23. Bxe4 fxe4 24. Nd4 Rf8 25. h4 a4 26. Kb1 Bf5 27. h5 a3 28. hxg6 Bxg6 29. b3 Qc5 30. Qd2 Ra6 31. Rg5 Raf6 32. Rc1 h6 33. Re5 Re8 34. c3 Rxe5 35. fxe5 bxc3 36. Rxc3 Rf1+ 37. Rc1 Rxc1+ 38. Qxc1 Qa5 39. Ne2 Qa6 40. Nf4 Bf7 41. Qd2 Qf1+ 42. Qc1 Qa6 43. Qd1 Qc6 44. Qd4 Be6 45. Qb4 Kg8 46. Qxa3 d4 47. Qe7 Bf7 48. Qd8+ Kh7 49. Qxd4 h5 50. e6 Bxe6 51. Nxh5 Kg6 52. Nf4+ Kf5 53. Kb2 Qb5 54. Nxe6 Qe2+ 55. Ka3 Qa6+ 56. Qa4 Qxe6 57. Qc4 Qd6+ 58. Ka4 Qd2 59. Qc5+ Kg4 60. a3 Kf3 61. b4 Qxe3 62. Qxe3+ Kxe3 63. b5 Kf3 64. b6 e3 65. b7 e2 66. b8=Q e1=Q 67. Qf8+ Kg2 68. Qg7+ Kh1 69. Qd4 Qe8+ 70. Kb4 Qb8+ 71. Kc4 Qc7+ 72. Qc5 Qf4+ 73. Kb5 Qb8+ 74. Qb6 Qe5+ 75. Ka6 Qe2+ 76. Ka7 Qc4 77. Qb4 Qe6 78. a4 Kh2 79. a5 Qf7+ 80. Qb7 Qf2+ 81. Ka8 Kh3 82. a6 Qf8+ 83. Ka7 Qc5+ 84. Kb8 Qd6+ 85. Kc8 Qf8+ 86. Kc7 Qe7+ 87. Kc6 Qe6+ 88. Kc5 Qe3+ 89. Kd6 Qd4+ 90. Qd5 Qb6+ 91. Qc6 Qd4+ 92. Kc7 Qf4+ 93. Kc8 Qf8+ 94. Kb7 Qe7+ 95. Qc7 Qe4+ 96. Ka7 Qd4+ 97. Ka8 Qd5+ 98. Kb8 Qb5+ 99. Qb7 Qe5+ 100. Ka8 Qe8+ 101. Ka7 Qe3+ 102. Qb6 Qe7+ 103. Kb8 Qe8+ 104. Kb7 Qe7+ 105. Qc7 Qe4+ 106. Qc6 Qe7+ 107. Kb6 Qb4+ 108. Qb5 Qd6+ 109. Qc6 Qb8+ 110. Kc5 Qe5+ 111. Qd5 Qc7+ 112. Kb4 Qb6+ 113. Qb5 Qd4+ 114. Qc4 Qb6+ 115. Kc3 Qa5+ 116. Kd3 Qa3+ 117. Ke4 Qe7+ 118. Kd3 Qa3+ 119. Ke2 Qb2+ 120. Ke3 Qe5+ 121. Qe4 Qc3+ 122. Kf4 Qc7+ 123. Kf3 Qf7+ 124. Ke3 Qa7+ 125. Kf3 Qf7+ 126. Qf4 Qd5+ 127. Kf2 Qa2+ 128. Kf3 Qd5+ 129. Qe4 Qf7+ 130. Ke2 Qa2+ 131. Kf3 Qf7+ 132. Ke3 Qb3+ 133. Kf4 Qg3+ 134. Kf5 Qf2+ 135. Kg5 Qd2+ 136. Kf5 Qf2+ 137. Kg5 Qd2+ 1/2-1/2

[Event "Western Canadian op"]
[Site "Richmond CAN"]
[Date "2004.07.16"]
[Round "8.13"]
[White "Mandic, Slaven"]
[Black "Spears, Nicholas"]
[Result "1/2-1/2"]
[WhiteElo "1979"]
[BlackElo "2186"]
[PlyCount "74"]
[GameId "2160767911095671"]
[EventDate "2004.07.09"]
[EventType "swiss"]
[EventRounds "10"]
[EventCountry "CAN"]

1. f4 d5 2. e3 c5 3. Nf3 Nf6 4. b3 e6 5. Bb2 Nc6 6. Bb5 Bd7 7. O-O Bd6 8. Bxc6 Bxc6 9. Ne5 Qc7 10. a4 O-O-O 11. Na3 a6 12. Nxc6 Qxc6 13. c4 Bc7 14. Rc1 Kb8 15. cxd5 Qxd5 16. Nc4 Ne4 17. d4 f6 18. Qc2 g5 19. dxc5 gxf4 20. exf4 Rhg8 21. Ne3 Qc6 22. Rcd1 Rxd1 23. Nxd1 Nxc5 24. Bxf6 Nxb3 25. Qxc6 bxc6 26. Nc3 Nd2 27. Rd1 Bxf4 28. g3 Bh6 29. Kg2 Kc8 30. Re1 Rf8 31. Rxe6 Kd7 32. Re7+ Kd6 33. Bh4 Nf3 34. Ne4+ Kd5 35. Nf6+ Kd6 36. Ne4+ Kd5 37. Nf6+ Kd6 1/2-1/2

[Event "Western Canadian op"]
[Site "Richmond CAN"]
[Date "2004.07.16"]
[Round "8.14"]
[White "Lee, Mau Seng"]
[Black "Oszvald, Joseph"]
[Result "0-1"]
[WhiteElo "1949"]
[BlackElo "2181"]
[PlyCount "86"]
[GameId "2160767911095672"]
[EventDate "2004.07.09"]
[EventType "swiss"]
[EventRounds "10"]
[EventCountry "CAN"]

1. e4 g6 2. Nf3 Bg7 3. Bc4 c5 4. Nc3 Nc6 5. O-O d6 6. a3 a6 7. d3 Nf6 8. h3 b5 9. Ba2 O-O 10. Be3 e5 11. Nh2 Nh5 12. Qd2 Nd4 13. Bg5 Bf6 14. Bxf6 Qxf6 15. Nd5 Qd8 16. c3 Ne6 17. Rae1 Nef4 18. Qe3 Be6 19. Kh1 Kh8 20. c4 f5 21. exf5 gxf5 22. Nf3 Rg8 23. Rg1 Bxd5 24. cxd5 Qf6 25. Kh2 Rae8 26. g3 Nxh3 27. Kxh3 e4 28. dxe4 fxe4 29. Nh4 Qxb2 30. Bb1 Nf6 31. Re2 Qe5 32. Rge1 Rg4 33. f4 Qxd5 34. Qc3 Qe6 35. f5 Qe5 36. Qxe5 Rxe5 37. Re3 d5 38. Bd3 c4 39. Bc2 d4 40. Rxe4 Rgxe4 41. Bxe4 Rxe4 42. Rxe4 Nxe4 43. Kg2 c3 0-1

[Event "Western Canadian op"]
[Site "Richmond CAN"]
[Date "2004.07.16"]
[Round "8.15"]
[White "MacLeod, Steven"]
[Black "Pechisker, Alfred"]
[Result "1/2-1/2"]
[WhiteElo "1954"]
[BlackElo "2144"]
[PlyCount "138"]
[GameId "2160767911095673"]
[EventDate "2004.07.09"]
[EventType "swiss"]
[EventRounds "10"]
[EventCountry "CAN"]

1. e4 c5 2. Nf3 d6 3. Bb5+ Bd7 4. Bxd7+ Qxd7 5. c4 Nc6 6. d4 cxd4 7. Nxd4 Nf6 8. Nc3 g6 9. Nde2 Bg7 10. f3 O-O 11. O-O Rac8 12. Bg5 Ne5 13. b3 Qd8 14. Kh1 Qa5 15. Qd2 Rfe8 16. Rfd1 Ned7 17. Rab1 a6 18. a4 Qb4 19. Bh4 Kf8 20. Qe3 Qc5 21. Bf2 Red8 22. Kg1 Qxe3 23. Bxe3 Ne8 24. Nd5 e6 25. Nb6 Nxb6 26. Bxb6 Rd7 27. Rd3 Ke7 28. Rbd1 f5 29. exf5 gxf5 30. Re1 Rc6 31. Ba5 Kf7 32. Nf4 Rc5 33. Bb4 Re5 34. Rxe5 Bxe5 35. Ne2 Bf6 36. Kf2 e5 37. Nc3 Ke6 38. Nd5 Bd8 39. g3 h5 40. h3 Nf6 41. Nxf6 Bxf6 42. Rd5 Be7 43. Ba5 Bd8 44. Bb4 Bc7 45. Kg2 Rf7 46. Ba3 Rf6 47. Bb4 Rg6 48. Ba3 e4 49. Bc1 h4 50. g4 fxg4 51. hxg4 h3+ 52. Kxh3 exf3 53. Rf5 Rf6 54. Rxf6+ Kxf6 55. Kg3 d5+ 56. Kxf3 dxc4 57. bxc4 Be5 58. Ke4 Ke6 59. Bf4 Bg7 60. Bc7 Bf6 61. Bf4 Bg7 62. g5 Bc3 63. Bc7 Bg7 64. Bd8 Bb2 65. Bf6 Bxf6 66. gxf6 Kxf6 67. Kd5 Ke7 68. Kc5 Kd7 69. Kb6 Kc8 1/2-1/2

[Event "Western Canadian op"]
[Site "Richmond CAN"]
[Date "2004.07.16"]
[Round "8.16"]
[White "Tegzes, Laszlo"]
[Black "Steininger, Gavin"]
[Result "1-0"]
[WhiteElo "2118"]
[BlackElo "1955"]
[PlyCount "63"]
[GameId "2160767911095674"]
[EventDate "2004.07.09"]
[EventType "swiss"]
[EventRounds "10"]
[EventCountry "CAN"]

1. e4 e5 2. Nf3 Nf6 3. Nc3 Nc6 4. d4 exd4 5. Nxd4 d6 6. Bc4 Be7 7. O-O O-O 8. Nxc6 bxc6 9. Re1 Nd7 10. Be3 Ne5 11. Be2 Bf6 12. f4 Ng6 13. Qd2 Re8 14. g3 a6 15. Bf3 Bb7 16. Rad1 Qe7 17. Bd4 h6 18. Qf2 Rab8 19. e5 dxe5 20. f5 Nf4 21. gxf4 Bh4 22. Qg2 Bxe1 23. Rxe1 Qh4 24. Bf2 Qxf4 25. Be4 Qg5 26. Qxg5 hxg5 27. Bc5 Red8 28. Bd3 f6 29. Re3 g6 30. fxg6 Bc8 31. Be7 Rd6 32. Ne4 1-0

[Event "Western Canadian op"]
[Site "Richmond CAN"]
[Date "2004.07.16"]
[Round "8.17"]
[White "North, Robert"]
[Black "Kyriakides, Savvas"]
[Result "0-1"]
[WhiteElo "2115"]
[BlackElo "1946"]
[PlyCount "86"]
[GameId "2160767911095675"]
[EventDate "2004.07.09"]
[EventType "swiss"]
[EventRounds "10"]
[EventCountry "CAN"]

1. Nf3 g6 2. c4 Bg7 3. g3 e5 4. Bg2 Nc6 5. Nc3 d6 6. d3 Nge7 7. O-O O-O 8. Rb1 f5 9. Bg5 h6 10. Bxe7 Nxe7 11. Nd5 Nxd5 12. cxd5 Kh7 13. Qc2 Bd7 14. Nd2 c5 15. b4 cxb4 16. Rxb4 b5 17. Rbb1 a5 18. Rfc1 Rc8 19. Qd1 Qb6 20. a4 b4 21. Nc4 Qa6 22. Qb3 Rf7 23. Rc2 Be8 24. Rbc1 Rfc7 25. e4 Bf8 26. Bf1 Qa7 27. exf5 gxf5 28. Bh3 Bd7 29. Ne3 Rxc2 30. Rxc2 f4 31. Nf5 Rc5 32. d4 exd4 33. Rxc5 dxc5 34. Qd3 Kh8 35. Qe4 Qc7 36. gxf4 b3 37. Bf1 Bxf5 38. Qxf5 Qg7+ 39. Kh1 b2 40. Bd3 Qe7 41. d6 Qb7+ 42. Kg1 Bxd6 43. Qf6+ Qg7+ 0-1

[Event "Western Canadian op"]
[Site "Richmond CAN"]
[Date "2004.07.16"]
[Round "8.18"]
[White "Aird, Ian"]
[Black "Goutor, Evgeni"]
[Result "1-0"]
[WhiteElo "2051"]
[BlackElo "1840"]
[PlyCount "61"]
[GameId "2160767911095676"]
[EventDate "2004.07.09"]
[EventType "swiss"]
[EventRounds "10"]
[EventCountry "CAN"]

1. e4 c5 2. Nf3 d6 3. Nc3 e6 4. d4 cxd4 5. Qxd4 a6 6. Bg5 Qc7 7. O-O-O Nc6 8. Qd2 Nf6 9. Bf4 e5 10. Bg5 Be6 11. Bxf6 gxf6 12. Nd5 Bxd5 13. Qxd5 Rc8 14. Bd3 b5 15. Kb1 Qb6 16. Rd2 Be7 17. Rc1 Na5 18. Bf1 O-O 19. Nh4 f5 20. Nxf5 Bg5 21. Rcd1 Bxd2 22. Qxd2 f6 23. Ne7+ Kg7 24. Nxc8 Rxc8 25. Qxd6 Qxd6 26. Rxd6 Rc6 27. Rxc6 Nxc6 28. a4 bxa4 29. Bxa6 Nd4 30. Bc4 Kf8 31. c3 1-0

[Event "Western Canadian op"]
[Site "Richmond CAN"]
[Date "2004.07.16"]
[Round "8.19"]
[White "Palmer, Jordan"]
[Black "Lee, John"]
[Result "1/2-1/2"]
[WhiteElo "1915"]
[BlackElo "2038"]
[PlyCount "66"]
[GameId "2160767911095677"]
[EventDate "2004.07.09"]
[EventType "swiss"]
[EventRounds "10"]
[EventCountry "CAN"]

1. e4 e6 2. Nf3 d5 3. exd5 exd5 4. d4 Nf6 5. Bd3 Be7 6. O-O O-O 7. Bf4 Bg4 8. Nbd2 Re8 9. c3 Bd6 10. Bg5 Nbd7 11. Qc2 Nf8 12. Rfe1 Ng6 13. Rxe8+ Qxe8 14. Bxf6 gxf6 15. Re1 Qd7 16. c4 dxc4 17. Bxc4 Kg7 18. Qc3 Re8 19. Rxe8 Qxe8 20. Qe3 Qd7 21. Ne4 Bf4 22. Nc5 Bxe3 23. Nxd7 Bxd4 24. Nxd4 Bxd7 25. g3 c5 26. Nb3 b6 27. f4 Be6 28. Nd2 Ne7 29. Kf2 Nc8 30. a3 Nd6 31. Bd3 f5 32. Ke3 Kf6 33. Nf3 a5 1/2-1/2

[Event "Western Canadian op"]
[Site "Richmond CAN"]
[Date "2004.07.16"]
[Round "8.20"]
[White "Davies, Noam"]
[Black "Yousefzadeh, Mehrdad"]
[Result "1-0"]
[WhiteElo "1898"]
[BlackElo "2024"]
[PlyCount "77"]
[GameId "2160767911095678"]
[EventDate "2004.07.09"]
[EventType "swiss"]
[EventRounds "10"]
[EventCountry "CAN"]

1. e4 Nf6 2. e5 Nd5 3. d4 d6 4. Nf3 Bf5 5. Bc4 e6 6. Bb3 dxe5 7. Nxe5 Nd7 8. Nf3 N7f6 9. a3 Be7 10. O-O O-O 11. c4 Nb6 12. Nc3 c6 13. Bf4 Bg4 14. Be3 Qc7 15. h3 Bh5 16. Qe2 Rfe8 17. Rad1 Rad8 18. Rfe1 a6 19. Ba2 Nbd7 20. Rd2 e5 21. g4 Bg6 22. dxe5 Nxe5 23. Nxe5 Qxe5 24. Bb6 Qxe2 25. Rdxe2 Rd7 26. Na4 Kf8 27. Nc5 Rd6 28. Nxb7 Rd3 29. Rxe7 Rxe7 30. Bc5 Ng8 31. Na5 Ke8 32. Bxe7 Nxe7 33. Nxc6 Rd7 34. Rxe7+ Rxe7 35. Nxe7 Kxe7 36. b4 f5 37. Bb1 Kf6 38. Bxf5 Bf7 39. Bd3 1-0

[Event "Western Canadian op"]
[Site "Richmond CAN"]
[Date "2004.07.16"]
[Round "8.21"]
[White "Lau, Robert"]
[Black "Obers, Frits"]
[Result "0-1"]
[WhiteElo "1980"]
[BlackElo "2095"]
[PlyCount "118"]
[GameId "2160767911095679"]
[EventDate "2004.07.09"]
[EventType "swiss"]
[EventRounds "10"]
[EventCountry "CAN"]

1. e4 e6 2. Nf3 d5 3. Nc3 Bb4 4. exd5 exd5 5. d4 Bg4 6. Be2 Nc6 7. O-O Nge7 8. Bg5 f6 9. Bf4 O-O 10. h3 Bxf3 11. Bxf3 Bxc3 12. bxc3 Na5 13. Re1 Qd7 14. Rb1 c6 15. Be2 b5 16. Bd3 Rfe8 17. Qh5 g6 18. Qh4 Rf8 19. Bc1 Rf7 20. Ba3 Kg7 21. Re2 Nc4 22. Bc5 Re8 23. Rbe1 Nd6 24. Qf4 Nec8 25. Rxe8 Nxe8 26. Qe3 Ned6 27. Qe6 Re7 28. Qxd7 Rxd7 29. Kf1 Kf7 30. Ba3 Re7 31. Rxe7+ Kxe7 32. Ke2 Ke6 33. f3 Nb6 34. Bxd6 Kxd6 35. Kd2 Ke6 36. Ke3 Na4 37. Kd2 Kf7 38. f4 f5 39. g3 h6 40. Be2 Kf6 41. Bf3 Nb6 42. Be2 Nc8 43. g4 Nd6 44. gxf5 Ne4+ 45. Kd3 Kxf5 46. Bg4+ Kxf4 47. Bd7 c5 48. Be8 c4+ 49. Ke2 g5 50. Bc6 Nxc3+ 51. Kd2 b4 52. a3 a5 53. axb4 axb4 54. Bd7 h5 55. Be8 g4 56. Bxh5 gxh3 57. Kc1 h2 58. Bf3 Kxf3 59. Kb2 Ke3 0-1

[Event "Western Canadian op"]
[Site "Richmond CAN"]
[Date "2004.07.16"]
[Round "8.24"]
[White "Sum, Peter"]
[Black "Wang, Yamei"]
[Result "0-1"]
[WhiteElo "1791"]
[BlackElo "2000"]
[PlyCount "50"]
[GameId "2160767911095680"]
[EventDate "2004.07.09"]
[EventType "swiss"]
[EventRounds "10"]
[EventCountry "CAN"]

1. d4 d5 2. c4 e6 3. Nc3 Nf6 4. Bg5 Be7 5. Nf3 c6 6. e3 Nbd7 7. Qc2 O-O 8. cxd5 exd5 9. Bd3 Re8 10. O-O-O b5 11. Ne5 Nxe5 12. dxe5 Ng4 13. Bxh7+ Kh8 14. Bf4 Nxf2 15. Qxf2 Kxh7 16. Qc2+ Kg8 17. h3 Be6 18. Ne4 Qa5 19. Nc3 b4 20. Ne2 c5 21. b3 Rec8 22. Kd2 c4 23. Ke1 cxb3 24. Qxb3 d4 25. Qb2 b3+ 0-1

[Event "Western Canadian op"]
[Site "Richmond CAN"]
[Date "2004.07.16"]
[Round "8.25"]
[White "Escandor, Manuel Omana"]
[Black "Chan, James"]
[Result "0-1"]
[WhiteElo "1736"]
[BlackElo "1944"]
[PlyCount "86"]
[GameId "2160767911095681"]
[EventDate "2004.07.09"]
[EventType "swiss"]
[EventRounds "10"]
[EventCountry "CAN"]

1. e4 c5 2. Nc3 Nc6 3. Nf3 e5 4. Bc4 d6 5. h3 Be7 6. a3 Nf6 7. d3 O-O 8. O-O Be6 9. Nd5 Rb8 10. Bd2 b5 11. Ba2 a5 12. Qe1 b4 13. axb4 axb4 14. Bc4 Bxd5 15. exd5 Na5 16. Qe3 Nxc4 17. dxc4 Ra8 18. g4 Nd7 19. Qe4 Nf6 20. Qe3 Ra5 21. g5 Nh5 22. Qe4 g6 23. Rxa5 Qxa5 24. Qg4 Rd8 25. Nh4 Qa2 26. Nf5 Bf8 27. Nh6+ Bxh6 28. gxh6 Qxb2 29. Bg5 Ra8 30. Qd7 Qxc2 31. Bd8 Qa4 32. Qe7 Ra7 33. Bc7 Ra8 34. Kh2 Re8 35. Qxd6 b3 36. Rg1 Qxc4 37. Qc6 Qf4+ 38. Kg2 Qe4+ 39. Kh2 Rf8 40. Qxc5 b2 41. Rg4 b1=Q 42. Rxe4 Qxe4 43. d6 Nf4 0-1

[Event "Western Canadian op"]
[Site "Richmond CAN"]
[Date "2004.07.16"]
[Round "8.26"]
[White "Jiang, Louie"]
[Black "Lister, Curtis"]
[Result "1/2-1/2"]
[WhiteElo "1737"]
[BlackElo "1964"]
[PlyCount "98"]
[GameId "2160767911095682"]
[EventDate "2004.07.09"]
[EventType "swiss"]
[EventRounds "10"]
[EventCountry "CAN"]

1. e4 d6 2. d4 Nf6 3. Nc3 g6 4. Be3 Bg7 5. Be2 Nc6 6. Nf3 O-O 7. O-O e5 8. d5 Ne7 9. Ne1 Nd7 10. f3 f5 11. Nd3 f4 12. Bf2 g5 13. Nb1 Ng6 14. c4 h5 15. b4 Nf6 16. Nd2 h4 17. h3 Nh5 18. Qb3 Ng3 19. Rfe1 a5 20. c5 a4 21. Qc2 Bd7 22. Rac1 Rc8 23. Nc4 Rf6 24. Qb2 Bb5 25. Na3 Bd7 26. b5 Bf8 27. c6 bxc6 28. bxc6 Rb8 29. Qc2 Bxh3 30. gxh3 g4 31. hxg4 h3 32. Kh2 Bh6 33. Rb1 Ra8 34. Rg1 Bg5 35. Bxg3 fxg3+ 36. Rxg3 Nf4 37. Nc4 Nxd3 38. Qxd3 Bf4 39. Rbg1 Rh6 40. Ne3 Rb8 41. Nf5 Rh7 42. Rb1 a3 43. Rxb8 Qxb8 44. Qb5 Qa7 45. Kh1 Bxg3 46. Qb7 Qf2 47. Qc8+ Kf7 48. Qe6+ Kf8 49. Qc8+ Kf7 1/2-1/2

[Event "Western Canadian op"]
[Site "Richmond CAN"]
[Date "2004.07.16"]
[Round "8.33"]
[White "Westbrook, Mike"]
[Black "Churchill, Sam"]
[Result "1/2-1/2"]
[WhiteElo "1656"]
[BlackElo "1477"]
[PlyCount "117"]
[GameId "2160767911095684"]
[EventDate "2004.07.09"]
[EventType "swiss"]
[EventRounds "10"]
[EventCountry "CAN"]

1. e4 Nf6 2. e5 Nd5 3. d4 d6 4. Nf3 Bg4 5. Be2 c6 6. O-O Bxf3 7. Bxf3 dxe5 8. dxe5 e6 9. c4 Ne7 10. Qxd8+ Kxd8 11. Be4 Nd7 12. f4 Ng6 13. Be3 Bc5 14. Bxc5 Nxc5 15. Nc3 Kc7 16. Bc2 Ne7 17. Rad1 Rad8 18. b4 Nd7 19. Ne4 Nb6 20. Nd6 Rhf8 21. a4 c5 22. bxc5 Nd7 23. Rb1 Nxc5 24. Rb5 b6 25. a5 Nc8 26. axb6+ axb6 27. Rd1 Nb7 28. Nxc8 Rxd1+ 29. Bxd1 Rxc8 30. Rb2 Rd8 31. Be2 Ra8 32. Kf2 Nc5 33. Kf3 Ra3+ 34. Kg4 Nd3 35. Rd2 Nf2+ 36. Kh4 Ne4 37. Rd3 Rc3 38. Rxc3 Nxc3 39. Bd3 h6 40. g4 Na4 41. g5 hxg5+ 42. Kxg5 Nc5 43. Bc2 Kd8 44. h4 Ke7 45. h5 Nb7 46. f5 exf5 47. Bxf5 Nd8 48. Kf4 Nc6 49. Ke4 Kd8 50. Bg4 Kc7 51. Bh3 Nd8 52. Kd5 Nb7 53. e6 fxe6+ 54. Kxe6 Nd6 55. Bf1 Ne4 56. Be2 Ng3 57. Bf3 b5 58. cxb5 Kb6 59. Kf7 1/2-1/2

[Event "Western Canadian op"]
[Site "Richmond CAN"]
[Date "2004.07.16"]
[Round "8.41"]
[White "Sohal, Tanraj"]
[Black "Fletcher, Christopher"]
[Result "1-0"]
[WhiteElo "1252"]
[BlackElo "1652"]
[PlyCount "89"]
[GameId "2160767911095685"]
[EventDate "2004.07.09"]
[EventType "swiss"]
[EventRounds "10"]
[EventCountry "CAN"]

1. e4 e6 2. d4 d5 3. e5 c5 4. c3 Nc6 5. Nf3 Bd7 6. Be3 Nge7 7. dxc5 Ng6 8. Bd4 Nxd4 9. cxd4 Qa5+ 10. Nc3 b6 11. cxb6 Qxb6 12. Qd2 Bb4 13. Bd3 O-O 14. O-O Ne7 15. Ng5 Nf5 16. Bxf5 exf5 17. Qd3 Bxc3 18. Qxc3 Rac8 19. Qd2 Rc4 20. Nf3 f6 21. b3 Rc7 22. Rfe1 Be6 23. Rab1 g5 24. exf6 Rxf6 25. Qxg5+ Rg6 26. Rxe6 Qxe6 27. Qd8+ Kg7 28. Qxc7+ Kh6 29. Qxa7 Qe4 30. Re1 Qxf3 31. g3 f4 32. Qf7 Qg4 33. Qxd5 fxg3 34. hxg3 Qh3 35. Qh1 Qxh1+ 36. Kxh1 Rd6 37. Re4 Kg5 38. b4 Ra6 39. d5 Rxa2 40. Rd4 Kf5 41. d6 Ra8 42. b5 Rd8 43. b6 Ke6 44. b7 Rb8 45. d7 1-0